000 02132cam a22005174i 4500
003 PE-LiUPU
005 20250731165541.0
008 150625s r 000 0 d
035 _a(Sirsi) a33395
035 _a(Sirsi) a33395
040 _aPE-LiUPU
_bspa
_cPE-LiUPU
_erda
082 0 4 _a910.085
_bM392
_221
100 1 _aFerreyra, Ramón,
_eautor.
245 1 0 _aGran geografía del Perú. Naturaleza y hombre
_n2 :
_bFlora y vegetación del Perú. Ecología de un país complejo /
_cRamón Ferreyra y Antonio Brack Egg.
264 1 _aBarcelona :
_bManfer - Juan Mejía Baca,
_c1986
300 _a319 páginas,
_c25 centímetros
336 _atext
_2rdacontent
337 _aunmediated
_2rdamedia
338 _avolume
_2rdacarrier
526 _aSEG44
526 _aSEG26
526 _aP151
526 _aP150
526 _aP149
526 _aP146
526 _aP145
526 _aP126
526 _aP125
526 _aP92
526 _aP75
526 _aP74
526 _aP27
526 _aP15
650 0 4 _aGeografía física
_zPerú
650 0 4 _aRecursos naturales
_zPerú
700 1 _aBrack Egg, Antonio
_eautor
942 _2ddc
_cBOOK
949 _aRC 910.085 M39 2
_wDEWEY
_c1
_i27217
_lRC
_mBUL
_r0
_sY
_tBOOK
_u2015-6-25
_xBIBLIOTECA
_zUNKNOWN
_0COMPRA
_o.CIRCNOTE. No olvidar cambiar la fecha de devolución!!!!!!!
_o.STAFF. Colección General
949 _aRC 910.085 M39 2
_wDEWEY
_c2
_i26550
_lRC
_mBUL
_r0
_sY
_tBOOK
_u2015-6-25
_xBIBLIOTECA
_zUNKNOWN
_0COMPRA
_o.CIRCNOTE. No olvidar cambiar la fecha de devolución!!!!!!!
_o.STAFF. Colección General
994 _aC0
_bPEPRU
596 _a1
999 _aRC 910.085 M39 2
_wDEWEY
_c41137
_i27217
_lDISCARD
_mBUL
_r0
_sY
_tBOOK
_u2015-6-25
_xBIBLIOTECA
_zUNKNOWN
_0COMPRA
_o.CIRCNOTE. No olvidar cambiar la fecha de devolución!!!!!!!
_o.STAFF. Colección General
_d41137
999 _aRC 910.085 M39 2
_wDEWEY
_c2
_i26550
_f2021-11-8
_g5
_lRCG
_mBUL
_r1
_sY
_tBOOK
_u2015-6-25
_xBIBLIOTECA
_zUNKNOWN
_0COMPRA
_o.CIRCNOTE. No olvidar cambiar la fecha de devolución!!!!!!!
_o.STAFF. Colección General
980 _81
_gALBERTO SANCHEZ Responsable de Automatización